000 00582nam a22002417a 4500
003 UA-OsUOA
001 29526
007 ta
008 20041012b un ||||| |||| 00| 0 ukr d
100 _aШайда П.
090 _a82-1
_bШ17
942 _cBK
040 _aUA-OsUOA
_bukr
_cUA-OsUOA
_dUA-OsUOA
245 _aЛюбов до України
_bЗбірка поезій та інше
300 _a138 с.
955 _a0
041 _aukr
080 _a82-1
260 _aМінесота
_bСейнт Пол
_c2003
044 _aCA
650 7 _2UDC
999 _c315917
_d315917